书目信息 |
| 题名: |
岩质颗粒破碎机理及破碎效应研究
|
|
| 作者: | 徐可 著 | |
| 分册: | ||
| 出版信息: | 北京 中国水利水电出版社 2020.01 |
|
| 页数: | 132页 | |
| 开本: | 26cm | |
| 丛书名: | ||
| 单 册: | ||
| 中图分类: | TU45 | |
| 科图分类: | ||
| 主题词: | 岩石切削机理--yan shi qie xiao ji li--研究 | |
| 电子资源: | ||
| ISBN: | 978-7-5170-8383-2 | |
| 000 | 00994nam0 2200229 450 | |
| 001 | 2074086412 | |
| 005 | 20201108203453.09 | |
| 010 | @a978-7-5170-8383-2@dCNY49.00 | |
| 100 | @a20200609d2020 em y0chiy50 ea | |
| 101 | 0 | @achi |
| 102 | @aCN@b110000 | |
| 105 | @aak a 000yy | |
| 200 | 1 | @a岩质颗粒破碎机理及破碎效应研究@Ayan zhi ke li po sui ji li ji po sui xiao ying yan jiu@f徐可著 |
| 210 | @a北京@c中国水利水电出版社@d2020.01 | |
| 215 | @a132页@c图@d26cm | |
| 320 | @a有书目 (第121-132页) | |
| 330 | @a本书主要针对颗粒材料在较大应力作用下出现颗粒破碎的现象, 研究颗粒破碎发生的细观力学机理和在不同应力条件下颗粒破碎的发展规律及其对材料宏观力学特性的影响。本书其分为6章, 内容包括绪论、颗粒流理论及方法、DEM模拟中的细观参数标定, 岩质颗粒破碎机理研究、颗粒材料压缩试验中的颗粒破碎效应、堆填料现场碾压DEM模拟分析。 | |
| 606 | 0 | @a岩石切削机理@Ayan shi qie xiao ji li@x研究 |
| 690 | @aTU45@v5 | |
| 701 | 0 | @a徐可@Axu ke@4著 |
| 801 | 0 | @aCN@b人天书店@c20200930 |
| 905 | @aZUCC@dTU45@eX741 | |
| 岩质颗粒破碎机理及破碎效应研究/徐可著.-北京:中国水利水电出版社,2020.01 |
| 132页:图;26cm |
| ISBN 978-7-5170-8383-2:CNY49.00 |
| 本书主要针对颗粒材料在较大应力作用下出现颗粒破碎的现象, 研究颗粒破碎发生的细观力学机理和在不同应力条件下颗粒破碎的发展规律及其对材料宏观力学特性的影响。本书其分为6章, 内容包括绪论、颗粒流理论及方法、DEM模拟中的细观参数标定, 岩质颗粒破碎机理研究、颗粒材料压缩试验中的颗粒破碎效应、堆填料现场碾压DEM模拟分析。 |
| ● |
| 相关链接 |
|
|
|
正题名:岩质颗粒破碎机理及破碎效应研究
索取号:TU45/X741
 
预约/预借
| 序号 | 登录号 | 条形码 | 馆藏地/架位号 | 状态 | 备注 |
| 1 | 1487323 | 214873234 | 建筑库101/101建筑库 95排4列3层/ [索取号:TU45/X741] | 在馆 | |
| 2 | 1487324 | 214873243 | 建筑库101/101建筑库 95排4列3层/ [索取号:TU45/X741] | 在馆 |